| 000 | 00447 a2200157 4500 | ||
|---|---|---|---|
| 020 | _a9780470129876 | ||
| 082 | _a621.31 | ||
| 090 |
_c7217 _d7217 |
||
| 100 | _aBlume, Steven Warren | ||
| 245 |
_aElectric power system basics : for the nonelectrical professional _cSteven Warren Blume |
||
| 260 |
_aNew Jersey _bJohn Wiley _c2007 |
||
| 300 | _a242 p. | ||
| 650 | _aElectric power systems | ||
| 700 | _aSteven Warren Blume | ||
| 942 |
_cBK _k621.31 BLU |
||
| 999 |
_c11020 _d11020 |
||